| 000 | 00592nam a2200181 i 4500 | ||
|---|---|---|---|
| 001 | 96659 | ||
| 003 | ES-MaACL | ||
| 005 | 20230906181944.0 | ||
| 007 | t| | ||
| 008 | 050629s1942 sp ||||1| spa d | ||
| 100 | 1 |
_aMallarmé, Stéphane ( _d1842-1898) _975791 |
|
| 245 | 1 | 4 |
_aLas prosas de Stéphane Mallarmé _b: (Antología) / _cStéphane Mallarmé; traducción y prefacio de Agustín Esclasans. |
| 260 |
_aBarcelona : _bAymá, _c1942. |
||
| 300 |
_a(1), 96 p., 3 h. ; _c19 cm. |
||
| 500 | _a(1) Un ret. | ||
| 700 | 1 |
_aEsclasans, Agustín. _947545 |
|
| 852 |
_aES-MaACL _jF-15535 _bR.19761 |
||
| 999 |
_c96659 _d96659 |
||